000 00911nam a2200217Ii 4500
003 JO-AjNU
008 230605s9999||||xx |||||||||||||| ||und||
017 _a1981/2771
020 _a977-256-447-5
040 _aJO-AjNU
_bara
_erda
_cJO-AjNU
041 _aara
050 1 4 _aKRM3758.1981
100 3 _aبربوتى، حقى اسماعيل,
_eauthor
_946678
245 0 0 _aالرقابة على أعمال السلطة القائمة على حالة الطوارئ " دراسة مقارنة في النظام العراقى والمصرى والأنجلوأمريكي
264 3 1 _aالقاهرة : دار النهضة العربية ، 1981
300 _a831ص
336 _atext
_btxt
_2rdacontent
337 _aunmediated
_bn
_2rdamedia
338 _avolume
_bnc
_2rdacarrier
650 4 _aقانون الطوارئ -- القانون العسكري -- العراق -- القانون المقارن
_946679
999 _aA20325
_c23893
_d23893